[Event "Women's Speed Chess Q3"]
[Site "chess.com INT"]
[Date "2021.05.30"]
[Round "21"]
[White "Szente Varga, Fruzsina"]
[Black "Linares Napoles, Oleiny"]
[Result "1-0"]
[WhiteTitle "WFM"]
[BlackTitle "WGM"]
[WhiteElo "2100"]
[BlackElo "2255"]
[WhiteFideId "712264"]
[BlackFideId "3504794"]
[EventDate "2021.05.30"]

1. e4 d6 2. d4 g6 3. Nc3 Bg7 4. Be3 a6 5. Qd2 b5 6. O-O-O Bb7 7. f3 Nd7 8. g4
Rc8 9. h4 h6 10. h5 g5 11. Kb1 c5 12. dxc5 Nxc5 13. Nd5 Bxd5 14. Qxd5 Nf6 15.
Qd2 Qc7 16. Bd3 Nfd7 17. f4 gxf4 18. Bxf4 Ne5 19. g5 hxg5 20. Bxg5 Rg8 21. h6
Bh8 22. Be3 Ng4 23. Bf4 Na4 24. c3 b4 25. Bc2 bxc3 26. Bxa4+ Kf8 27. Qc2 Rb8 28.
Bb3 a5 29. Ne2 a4 30. Nxc3 axb3 31. axb3 Qa5 32. Na4 Ne5 33. h7 Rg6 34. Bh6+
Rxh6 35. Rxh6 Qa6 36. Rg1 Ng6 37. Qf2 Qd3+ 38. Qc2 Rxb3 39. Qxd3 Rxd3 40. Nc3
Rd2 41. Kc1 Rf2 42. Rhxg6 fxg6 43. Rxg6 Bg7 44. Nd5 Rh2 45. Nxe7 Rxh7 46. Nf5
Rh1+ 47. Kc2 Rh2+ 48. Kd3 Bxb2 49. Rxd6 Rh3+ 50. Kc4 Ba3 51. Kd5 Bxd6 52. Nxd6
Re3 53. e5 Re1 54. Ke6 1-0

[Event "Women's Speed Chess Q3"]
[Site "chess.com INT"]
[Date "2021.05.30"]
[Round "21"]
[White "Zakirova, Aisha"]
[Black "Tarasova, Viktoriya"]
[Result "1/2-1/2"]
[WhiteTitle "WCM"]
[BlackTitle "WIM"]
[WhiteElo "1585"]
[BlackElo "2226"]
[WhiteFideId "13719734"]
[BlackFideId "4175840"]
[EventDate "2021.05.30"]

1. d4 Nf6 2. c4 e6 3. Nf3 b6 4. g3 Ba6 5. Qc2 d5 6. cxd5 exd5 7. Bg2 Bd6 8. O-O
O-O 9. Nc3 Re8 10. Re1 Nbd7 11. a3 Rc8 12. b4 Bb7 13. b5 c5 14. bxc6 Bxc6 15.
Bb2 Ne4 16. Qb3 Ndf6 17. Rac1 Bb7 18. Nb5 Bb8 19. Ne5 Qe7 20. a4 h6 21. Ba3 Qe6
22. Bf3 a6 23. Nc3 h5 24. Nxe4 Nxe4 25. Bg2 f6 26. Nf3 Kh7 27. Qd3 g6 28. Nd2
Nd6 29. Kh1 Rxc1 30. Bxc1 Rc8 31. Nb3 Kg7 32. Qd2 Rh8 33. e4 dxe4 34. d5 Qxd5
35. Nd4 f5 36. Bb2 Nc4 37. Nxf5+ Kh7 38. Qxd5 Bxd5 39. Ne7 Nxb2 40. Nxd5 Nd3 41.
Rxe4 Nxf2+ 42. Kg1 Nxe4 43. Bxe4 Re8 44. Nf6+ Kg7 45. Nxe8+ Kf7 46. Bd5+ Kxe8
47. Be4 Kd7 48. Bxg6 h4 49. gxh4 b5 50. axb5 axb5 51. Bd3 b4 52. h5 Be5 53. Bb1
Kd6 54. h4 Ke7 55. h6 Bh8 56. h5 Kf6 57. Kf2 Kg5 58. Ke3 Kxh6 59. Kd3 Bg7 60.
Kc4 Bc3 61. Bg6 Kg7 62. Kb3 Kh6 63. Kc4 Kg7 64. Kb3 Kh6 65. Kc4 1/2-1/2

[Event "Women's Speed Chess Q3"]
[Site "chess.com INT"]
[Date "2021.05.30"]
[Round "21"]
[White "Putri, Regita Desyari"]
[Black "Berend, Elvira"]
[Result "0-1"]
[WhiteTitle "WFM"]
[BlackTitle "WGM"]
[WhiteElo "1897"]
[BlackElo "2326"]
[WhiteFideId "7109083"]
[BlackFideId "4000510"]
[EventDate "2021.05.30"]

1. d4 Nf6 2. c4 e6 3. Nf3 Bb4+ 4. Bd2 c5 5. e3 O-O 6. Bd3 Nc6 7. O-O d6 8. a3
Bxd2 9. Nbxd2 e5 10. d5 Ne7 11. e4 Ng6 12. g3 Bh3 13. Re1 h6 14. Bf1 Qd7 15. Bg2
Bxg2 16. Kxg2 Nh7 17. h4 f5 18. exf5 Qxf5 19. Qe2 Qg4 20. Kh2 Rf7 21. Qe4 Qxe4
22. Rxe4 Raf8 23. Kg2 Nf6 24. Re2 Ng4 25. Rae1 a6 26. Re4 h5 27. R4e2 Ne7 28.
Re4 b6 29. R4e2 Nf5 30. Ng5 Nd4 31. Nxf7 Rxf7 32. Ne4 Nxe2 33. Rxe2 Rd7 34. f3
Nf6 35. Ng5 b5 36. cxb5 axb5 37. Rd2 c4 38. Ne6 Kf7 39. Kf2 Ke7 40. Ke3 Rb7 41.
Ng5 Kd7 42. Ne4 b4 43. axb4 Rxb4 44. Nxf6+ gxf6 45. Rc2 f5 46. f4 Rb3+ 47. Kf2
e4 48. Rxc4 Rxb2+ 49. Kg1 Rb3 50. Kf2 Rd3 51. Ra4 Rxd5 52. Ra7+ Ke6 53. Rh7 Rd2+
54. Kg1 Rd3 55. Kf2 Rf3+ 56. Kg2 d5 57. Rxh5 d4 58. Rh6+ Kd5 59. Rf6 d3 60.
Rxf5+ Kd4 61. Re5 d2 62. Re8 Rd3 63. Rxe4+ Kxe4 64. h5 d1=Q 0-1

[Event "Women's Speed Chess Q3"]
[Site "chess.com INT"]
[Date "2021.05.30"]
[Round "21"]
[White "Swati, Mohota"]
[Black "Chu, Ruotong"]
[Result "0-1"]
[WhiteTitle "WFM"]
[BlackTitle "WIM"]
[WhiteElo "2027"]
[BlackElo "2207"]
[WhiteFideId "5006511"]
[BlackFideId "8605653"]
[EventDate "2021.05.30"]

1. d4 d5 2. c4 dxc4 3. Nf3 Nf6 4. e3 e6 5. Bxc4 a6 6. O-O c5 7. dxc5 Qxd1 8.
Rxd1 Bxc5 9. b3 Nbd7 10. Bb2 O-O 11. Nc3 Nb6 12. Be2 Nbd5 13. Nxd5 Nxd5 14. Rac1
Be7 15. e4 Nf4 16. Bf1 Rd8 17. g3 Ng6 18. e5 Bd7 19. Rc7 Bc6 20. Nd4 Bc5 21. Be2
Nxe5 22. Nxc6 Rxd1+ 23. Bxd1 Nxc6 24. Rxb7 Rd8 25. Bf3 Nb4 26. a3 Nd3 27. b4
Bxf2+ 28. Kg2 Be3 29. Bc3 h6 30. Be4 Nc1 31. a4 Ne2 32. Bb2 Bd4 33. Bxd4 Rxd4
34. Bf3 Nc3 35. a5 Na2 36. Kf2 Nxb4 37. Rb8+ Kh7 38. Ke3 Nc2+ 39. Ke2 g6 40. Rb6
Nb4 41. Ke3 Rc4 42. Be4 Kg7 43. Rb7 Kf6 44. Bd3 Nd5+ 45. Kd2 Rc5 46. Ra7 Rxa5
47. Rxa6 Rxa6 48. Bxa6 Kg5 49. Ke2 Kg4 50. Kf2 f5 51. Kg2 Nc7 52. Be2+ Kg5 53.
h4+ Kf6 54. Kf3 e5 55. Bc4 Ne6 56. g4 Nd4+ 57. Ke3 fxg4 58. Kf2 Kf5 59. Kg3 h5
60. Bd3+ e4 0-1

[Event "Women's Speed Chess Q3"]
[Site "chess.com INT"]
[Date "2021.05.30"]
[Round "21"]
[White "Pandey, Srishti"]
[Black "Golubeva, Oksana"]
[Result "0-1"]
[WhiteTitle "WFM"]
[BlackTitle "WFM"]
[WhiteElo "2026"]
[BlackElo "2179"]
[WhiteFideId "35093290"]
[BlackFideId "4170164"]
[EventDate "2021.05.30"]

1. d4 e6 2. e4 d5 3. Bd3 c5 4. exd5 exd5 5. c3 Nf6 6. Nf3 cxd4 7. Nxd4 Bd6 8.
O-O O-O 9. Bf5 Nc6 10. Bxc8 Rxc8 11. Be3 Bb8 12. Nd2 Qd6 13. g3 Ne5 14. N2f3 Qd7
15. Nxe5 Bxe5 16. Nf3 Bb8 17. Bd4 Ne4 18. Qd3 Qh3 19. Be5 Rfd8 20. Bxb8 Rxb8 21.
Rad1 Rbc8 22. Rfe1 Qh5 23. Rxe4 h6 24. Re5 Qg4 25. Rxd5 Re8 26. Ne5 Qe6 27. f4
h5 28. Rd6 Qh3 29. Qf1 Qf5 30. Qd3 Qh3 31. Qf3 h4 32. Qg4 Qxg4 33. Nxg4 hxg3 34.
hxg3 Re2 35. R1d2 Rce8 36. Nf2 R2e3 37. Kg2 Kh7 38. Ng4 Re1 39. Kf2 Ra1 40. a3
f6 41. Rd8 Ree1 42. R8d7 Kg6 43. Ne3 Rh1 44. g4 Rh2+ 45. Kf3 Rh3+ 46. Ke4 Re1
47. R7d3 Rg3 48. Kd4 Rb1 49. f5+ Kg5 50. Kc4 Re1 51. Kd4 b5 52. Rf2 a5 53. a4
bxa4 54. Rf1 Rgxe3 55. Rxe3 Rxf1 56. Re4 Rb1 57. Re2 a3 58. Rf2 Rxb2 59. Rf1 a2
60. c4 Rb1 61. Rf2 a1=Q+ 62. Kd5 Rd1+ 63. Ke6 Qd4 64. Kf7 Qxf2 65. Kxg7 Kxg4 66.
c5 Kxf5 67. c6 Qg3+ 68. Kf7 Qc7+ 69. Kg8 Rd8# 0-1

[Event "Women's Speed Chess Q3"]
[Site "chess.com INT"]
[Date "2021.05.30"]
[Round "21"]
[White "Kiolbasa, Oliwia"]
[Black "Balabayeva, Xeniya"]
[Result "1/2-1/2"]
[WhiteTitle "WIM"]
[BlackTitle "WFM"]
[WhiteElo "2255"]
[BlackElo "2178"]
[WhiteFideId "1154613"]
[BlackFideId "13719688"]
[EventDate "2021.05.30"]

1. e4 c6 2. d4 d5 3. Nd2 dxe4 4. Nxe4 Nf6 5. Nxf6+ exf6 6. c3 Bd6 7. Bd3 Nd7 8.
Ne2 O-O 9. Qc2 h6 10. O-O Re8 11. Ng3 Nf8 12. Nf5 Be6 13. Nxd6 Qxd6 14. Be3 Rad8
15. c4 a6 16. Rad1 b5 17. b3 b4 18. c5 Qd7 19. Bxa6 Ra8 20. Bc4 Bxc4 21. bxc4
Qa7 22. d5 Qxa2 23. Qxa2 Rxa2 24. dxc6 Rc8 25. Rb1 Ra4 26. Bd2 Ne6 27. Rxb4 Rxb4
28. Bxb4 Rxc6 29. Rd1 Nxc5 30. Bxc5 Rxc5 31. Rc1 Kf8 32. Kf1 Ke7 33. Ke2 Kd6 34.
Kd3 Ra5 35. Kd4 Ra2 36. c5+ Kc6 37. Ke3 Ra4 38. g3 Ra7 39. h4 Re7+ 40. Kd4 Re5
41. Rc2 Rd5+ 42. Ke4 Rxc5 43. Rd2 Re5+ 44. Kf4 Rd5 45. Ra2 Kd6 46. Ra7 Ke6 47.
Ra6+ Rd6 48. Ra8 f5 49. Rg8 Kf6 50. Ra8 g6 51. Ra7 Rd3 52. Ra6+ Kg7 53. Rb6 Rd4+
54. Kf3 Re4 55. Ra6 Re6 56. Ra7 Kf6 57. Rb7 Rc6 58. Ra7 Rc3+ 59. Ke2 g5 60. Ra6+
Kg7 61. hxg5 hxg5 62. Ra5 Kg6 63. Ra6+ f6 64. Ra8 Rb3 65. Rg8+ Kf7 66. Ra8 Rb4
67. Kf3 f4 68. gxf4 Rxf4+ 69. Kg3 Kg6 70. Ra6 Rb4 71. Rc6 Rb5 72. Rd6 Kf5 73.
Ra6 Rb3+ 74. Kg2 Kg4 75. Rxf6 Rb2 76. Rf8 Ra2 77. Rf7 Rb2 78. Rf8 Ra2 79. Rf7
Rb2 80. Rf8 1/2-1/2